NBA 1986 Playoffs Starters - Statistics

General Stats
  • This quiz has been taken 582 times
  • The average score is 36 of 80
Answer Stats
Team Player % Correct
Celtics Larry Bird
99%
Lakers Magic Johnson
97%
Lakers Kareem Abdul-Jabbar
96%
Bullets Jeff Malone
95%
Jazz Karl Malone
95%
Celtics Dennis Johnson
94%
Pistons Isiah Thomas
94%
Bulls Michael Jordan
94%
Celtics Kevin McHale
93%
Celtics Robert Parish
92%
Hawks Dominique Wilkins
90%
Lakers James Worthy
90%
Rockets Hakeem Olajuwon
89%
Trail Blazers Clyde Drexler
87%
Pistons Joe Dumars
86%
Pistons Bill Laimbeer
85%
76ers Julius Erving
85%
Nuggets Alex English
78%
Bucks Sidney Moncrief
75%
76ers Charles Barkley
74%
Celtics Danny Ainge
73%
Mavericks Mark Aguirre
66%
Lakers Byron Scott
65%
76ers Maurice Cheeks
65%
Nets Buck Williams
64%
Bullets Gus Williams
64%
Jazz Mark Eaton
64%
Bullets Cliff Robinson
63%
Rockets Ralph Sampson
62%
Jazz Rickey Green
61%
Spurs Alvin Robertson
55%
Bullets Charles Jones
54%
Hawks Doc Rivers
54%
Bulls Charles Oakley
52%
Mavericks Derek Harper
51%
Mavericks Rolando Blackman
51%
Lakers Kurt Rambis
49%
Nuggets Fat Lever
48%
Spurs Artis Gilmore
45%
Kings LaSalle Thompson
45%
Trail Blazers Mychal Thompson
45%
Bucks Terry Cummings
43%
Hawks Kevin Willis
40%
Hawks Tree Rollins
38%
Nets Albert King
36%
Mavericks James Donaldson
33%
Trail Blazers Kiki Vandeweghe
32%
Pistons Kelly Tripucka
27%
Bullets Manute Bol
27%
Bulls Orlando Woolridge
25%
Kings Reggie Theus
25%
Mavericks Sam Perkins
23%
Bulls Dave Corzine
20%
Bucks Paul Pressey
20%
Nets Otis Birdsong
16%
Rockets Robert Reid
16%
Bucks Craig Hodges
15%
Nuggets Danny Schayes
14%
Trail Blazers Kenny Carr
14%
Spurs Mike Mitchell
14%
Jazz Thurl Bailey
14%
Rockets Rodney McCray
13%
Hawks Randy Wittman
12%
Nuggets Calvin Natt
11%
Nets Mike Gminski
10%
Jazz Bob Hansen
8%
Spurs Dave Greenwood
8%
Bulls Kyle Macy
8%
Bucks Randy Breuer
8%
Nuggets T.R. Dunn
8%
Rockets Lewis Lloyd
7%
Kings Mike Woodson
7%
Pistons Earl Cureton
5%
76ers Greg Stokes
5%
Spurs Wes Matthews
5%
Kings Mark Olberding
4%
76ers Terry Catledge
4%
Kings Terry Tyler
4%
Nets Kelvin Ransey
3%
Trail Blazers Steve Colter
2%
No matching quizzes found
Score Distribution
Percent of People with Each Score
Percentile by Number Answered
Your Score History
You have not taken this quiz